000 04995nkm0a2200685 4500
001 RU\NLR\BIBL_A\022619882
005 20260204000000.0
020 _aRU
_b44-2226 (1944, № 3-4)
_9Летопись изоизданий / ВКП. - Москва, 1948. - Вып. 1944, № 3-4. - С. 67
035 _a(NLR Aleph) 022619882
071 5 0 _a136
_d10 коп.
090 _a89030
_c89030
100 _a20250911d1944 u y0rusy50 ca
101 0 _arus
102 _aRU
116 _adiycxx bk ae
135 _acrcn 024anaba
181 0 _ab4
_bxb2e
182 0 _an
200 1 _aДа здравствует XXVII годовщина Великого Октября!
_eвоинское
_e[почтовая карточка]
_fхуд. Кин
203 _aИзображение
_bнеподвижное
_bдвухмерное
_bвизуальное
_cнепосредственное
210 _a[Москва]
_c"Советский график" Всекохудожника по заказу УВПП
_d[1944]
215 _a1 л.
_cцв. цинкогр.
_d10,5х14,4
300 _aНа почтовой карточке также текст: Смерть немецким захватчикам!
300 _aЗаказчик УВПП - Управление военно-полевой почты
300 _aЦенз. разрешение: Г-14.9.44
301 _aИзд. номер: № 136
309 _aОдносторонняя почтовая карточка
316 _aЭкз. РНБ на шифре Э О-ПК-3/1944-К, Эот100954: 10,2х14,7 см
_5NLR: Э О-ПК-3/1944-К
316 _aЭкз. РНБ на шифре Э О-ПК-3/1944-К, Эот100955: 9,8х14,5 см
_5NLR: Э О-ПК-3/1944-К
325 _aКопия доступна в Электрон. б-ке РНБ
327 0 _aСоветские знамена, в центре лавровые ветви, ленты и пятиконечная звезда с серпом и молотом в центре
532 1 1 _aДа здравствует двадцать седьмая годовщина Великого Октября!
606 1 _aПочтовые открытки маркированные художественные
_yСССР
_z1941 - 1945
_2nlr_sh2
_3RU\NLR\AUTH\661531868
606 1 _aВеликая Октябрьская социалистическая революция
_z1917
_xГодовщины
_z1944
_jОткрытки
_2nlr_sh2
_3RU\NLR\AUTH\6601684088
610 1 _aПоздравительные открытки
610 1 _aОткрытки к 7 Ноября
610 1 _aОдносторонние почтовые карточки
686 1 _aЩ153(2)7-489
700 1 _aКин
_bИ.
_4040
712 0 1 _aСССР
_bГлавное управление связи Красной Армии
_bУправление военно-полевой почты
_3RU\NLR\AUTH\880618205
_4570
712 0 2 _a"Советский график", всероссийское товарищество художников-графиков
_3RU\NLR\AUTH\880618204
_4650
830 _aКин И.: см. БЗ 022372734. АЯ ОЭФ
830 _aКин И.: http://painters.artunion.ru/2-11-2.htm (05.11.2024) - нет. Возможно, одно лицо с художником: Янис Кинс (1909-1969): https://www.antonia.lv/ru/aukcion/61/lot-210-janis-kins-1909-1969; Кинс Янис Юрьевич: https://www.rgali.ru/person/609915; Кин (Кинс) Янис Юрьевич / 21.01.1969 /: http://painters.artunion.ru/2-11-2.htm (05.11.2024). Кин Ян Юрьевич: Выставки советского изобразительного искусства. Москва : Советский художник, 1978. Т. 3. С. 458. ЭК РНБ: Кин, Ян Юрьевич. АЯ ОЭФ
830 _a"Jānis Kīns Roles: artist, graphic artist, illustrator 03.07.1909 – 21.01.1969": https://www.literatura.lv/en/persons/janis-kins (05.11.2024). АЯ ОЭФ
830 _aЛетопись изоизданий: техника печати - цинкография штрих. АЯ ОЭФ
852 0 0 _aNLR
_bЭ
_jО-ПК-3/1944-К
_mЭот100953
852 0 0 _aNLR
_bЭ
_jО-ПК-3/1944-К
_mЭот100954
852 0 0 _aNLR
_bЭ
_jО-ПК-3/1944-К
_mЭот100955
856 0 _uhttps://vivaldi.nlr.ru/lo500003964/view
856 1 _uhttps://vivaldi.nlr.ru/lo500003964/cover
856 2 _uhttps://vivaldi.nlr.ru/lo500003964/text
901 _eИзографические материалы
942 _cVISUAL
945 _aРоссийская национальная библиотека
980 _aNB
980 _aBV
981 1 7 _a(17) Изографические материалы
_b(17) Открытки